Music Quiz

Random Music or Bands Quiz
Score 0/20 Timer 05:00
0 Plays Today
Question Answer Wrong Answers
Tom Petty and the... Heartbreakers
97.3%
Pettybones
1.5%
Shadows
0.7%
Heartbeeps
0.3%
Diana Ross and the... Supremes
94.3%
Betsys
0.8%
Ravens
1%
Pips
0.5%
Frankie Valli and the... Four Seasons
94.1%
Valley of Frankies
1.3%
Five Saints
2.2%
Three Clovers
1.2%
Bruce Springsteen and the... E Street Band
93.2%
Bedrocks
1.6%
El Dorados
1.3%
Echoes
1.8%
KC and the... Sunshine Band
92.6%
Royals
1.6%
Delta Rhythm Boys
0.9%
Oak Ridge Boys
1%
Bill Haley and his... Comets
92.4%
Hailers
1.9%
Coasters
1.6%
Flamingos
1.3%
Bob Marley and the... Wailers
91%
Scrooges
1.2%
Screamers
2.8%
Volumes
1%
Huey Lewis and the... News
90.7%
Martins
1.2%
Jive Five
1.8%
Mystics
2.3%
Sly and the... Family Stone
88.5%
Family Sporcle
0.9%
Family Circus
4.9%
Family Matters
1.3%
Buddy Holly and the... Crickets
86.7%
Jolly Christmases
1.8%
Beatles
0.9%
Crows
6.2%
Gloria Estefan and the... Miami Sound Machine
86.2%
Mormon Tabernacle Choir
2.4%
Tennessee Three
3.7%
Hollywood Flames
3.3%
Marky Mark and the... Funky Bunch
85.8%
Mark of Markies
3.1%
Animals
2.5%
New Power Generation
7.7%
Gladys Knight and the... Pips
85.7%
Squires
2.2%
Dominoes
3.4%
Pipettes
5.3%
Smokey Robinson and the... Miracles
83.8%
Swiss Families
3.7%
Shadows
6.9%
Penguins
1.9%
Martha Reeves and the... Vandellas
83.6%
Christophers
1.5%
Supremes
6.3%
Valentines
6.8%
Tommy James and the... Shondells
67.8%
King's Singers
6.9%
Shadows
11.3%
Moonglows
9.4%
Frank Zappa and the... Mothers of Invention
66.3%
Zapptones
15%
Spiders from Mars
7.8%
Fathers of Funk
8.3%
Dion and the... Belmonts
64.7%
Diamondbacks
10.9%
Animals
9%
Five Keys
11.7%
Frankie Lymon and the... Teenagers
50.2%
Lymon-ades
19.3%
Spiders
12.4%
Cardinals
14.8%
Elvis Presley and the... Jordanaires
37.1%
Heartbreak Hotels
10.5%
Drifters
32.8%
Juniors
15.8%
Remove Ads.
Support Sporcle.
Get the best of Sporcle when you Go Orange. This ad-free experience offers more features, more stats, and more fun while also helping to support Sporcle. Thank you for becoming a member.

You're not logged in!

Compare scores with friends on all Sporcle quizzes.
OR
Log In

Show Comments

Extras

Top Quizzes Today


Score Distribution

Your Account Isn't Verified!

In order to create a playlist on Sporcle, you need to verify the email address you used during registration. Go to your Sporcle Settings to finish the process.

Report this User

Report this user for behavior that violates our Community Guidelines.

Details: